Zollinger-Ellison-syndroma és pancreas-cystadenoma együttes előfordulása

Elmentve itt :
Bibliográfiai részletek
Szerzők: László Aranka
Ormos Jenő
Dokumentumtípus: Cikk
Megjelent: 1967
Sorozat:Kolligátum
Kulcsszavak:Szövettan, Rákbetegség, Hasnyálmirigy betegségek, Gyomorfekély, Zollinger-Ellison szindróma
Online Access:http://misc.bibl.u-szeged.hu/26950
LEADER 00694nab a2200181 i 4500
001 misc26950
005 20191108150003.0
008 170919s1967 hu o 0|| zxx d
040 |a SZTE Miscellanea Repozitórium  |b hun 
041 |a zxx 
100 1 |a László Aranka 
245 1 0 |a Zollinger-Ellison-syndroma és pancreas-cystadenoma együttes előfordulása  |h [elektronikus dokumentum] /  |c  László Aranka 
260 |c 1967 
300 |a 1602-1609 
490 0 |a Kolligátum 
695 |a Szövettan, Rákbetegség, Hasnyálmirigy betegségek, Gyomorfekély, Zollinger-Ellison szindróma 
700 0 1 |a Ormos Jenő  |e aut 
856 4 0 |u http://misc.bibl.u-szeged.hu/26950/1/019_023_1602-1609.pdf  |z Dokumentum-elérés